000 00775nam a2200181Ia 4500
003 GCL
008 140319s9999 xx 000 0 ara d
040 _aGCL /
_cGCL
082 0 4 _a939
_bا د
100 1 _aاحمد امين سليم
245 1 0 _aدراسات فى تاريخ وحضارة الشرق الادنى القديم منذ الدهور الحجرية وحتى بداية العصور التاريخية فى مصر وبعض مناطق الشرق الادنى القديم /
_cاحمد امين سليم
260 _aالقاهرة :
_bدار المعارف الجامعيه ،
_c1995
300 _a484 ص ؛
_c24سم
650 0 4 _aالتاريخ
650 0 4 _aالشرق الادنى - تاريخ
650 0 4 _aالعصور الحجرية
942 _2ddc
_cBK
999 _c49224
_d49224